Peranan institusi diraja
| Other Authors: | |
|---|---|
| Format: | Book |
| Published: |
Subang Jaya :
Pustaka Nurani ,
2016
|
| Series: | Kedaulatan Raja-raja Melayu
|
| Subjects: |
MARC
| LEADER | 00000cam a2200000 7i4500 | ||
|---|---|---|---|
| 001 | 0000201721 | ||
| 005 | 20170201.0 | ||
| 020 | |a 9789670945156 | ||
| 090 | 0 | 0 | |a 352.2309595 |b KED |
| 245 | 0 | 0 | |a Peranan institusi diraja |c penyusun Zabri Zakaria |
| 260 | |a Subang Jaya : |b Pustaka Nurani , |c 2016 | ||
| 300 | |a 36p. ; |c 20cm. | ||
| 490 | 0 | |a Kedaulatan Raja-raja Melayu | |
| 650 | 0 | 0 | |a Malaysia |x Kings and rules |
| 650 | 0 | 0 | |a Monarchy |z Malaysia |
| 700 | 0 | |a Zabri Zakaria | |
| 999 | |a 00337350 |b BUKU |c MALAYSIANA |e PERPUSTAKAAN KOMUNITI PETALING JAYA | ||